00656pam a2200157 a 4500020000500000041000500005082001300010100001800023245006200041260003300103300001600136930000900152999001900161952016500180952015300345 c h a750bSHO aSusie Hodge . aHow to Draw Faces in Simple Steps hTextual Documents a[s.l]:bSearch Press,c2014. a32:bpaper. a7966 c241756d241756 001040708Text BooksaFAPbFAPd2017-03-18eBhararti Sahakari Grahak Bhandarg299.05l1o750 HODpFAP-8831r2025-01-27 00:00:00s2025-01-23t2w2023-03-07yBK 001040708Text BooksaFAPbFAPd2017-03-18eBhararti Sahakari Grahak Bhandarg299.05l0o750 SHOpFAP-8830r2023-12-30 00:00:00t1w2023-03-07yBK